073_ Personnalités nées un 14 mars par images - Statistiques

Statistiques générales
  • Ce quiz a été pris 50 fois
  • Le résultat moyen est 6 sur 12
Statistiques - réponses
Par images Hint Réponse % Correct
Scientifique Albert Einstein
100%
Politicien Philippe Poutou
85%
Chanteuse Vitaa
80%
Basketteur Stephen Curry
78%
Gymnaste Simone Biles
70%
Roi Albert II de Monaco
65%
Footballeur Nicolas Anelka
63%
Streamer Byilhan
43%
Chanteur Quincy Jones
7%
Acteur Jamie Bell
4%
Peintre Georges de La Tour
2%
Acteur Aamir Khan
0%
Aucun quiz correspondant
Distribution des résultats
% des personnes avec chaque résultat
Percentile par nombre de réponses
Votre historique - résultats
Vous n’avez pas pris ce quiz